LEADER 00930nam a2200229 i 4500 001 000000144628 003 CaOOAMICUS 005 20051107000000.0 008 051107s1963 it u000 u ita u 013 $a119986 040 $aSeMil$bita 245 13$aLa struttura dell'economia italiana. 260 $aMilano :$bIstituto Sociale Ambrosiano,$c1963. 300 $a277 p. ;$c17 cm. 490 0 $aQuaderni di formazione sociale ;$v6 650 4$aSocietà - Italia - Sec. 20.-21.$0(OLS)http://semarc/subject/16029 830 0$aQuaderni di formazione sociale ;$v6.$0(OLS)http://semarc/title/13525 850 $aSeMil 852 $aSeMil$W1$xVenegono$y1$m3M I 10$j97520$B97520$CSeMilBibl$Z2$F105365 $81 961 $aRecupero: Biblioteca Seminario Saronno 996 $6245$aLa struttura dell'economia italiana$9(OLS)http://semarc/title/211548 996 $6260$aMilano :$bIstituto Sociale Ambrosiano$9(OLS)http://semarc/publisher/31712 LEADER 00787nam a2200193 i 4500 001 000000225722 003 CaOOAMICUS 005 20131217000000.0 008 131217s1901 it u000 u ger u 013 $a204624 040 $aSeMil$bita 245 10$aEinleitung und politische geschichte. 250 $adritte und vierte auflage. 300 $aVII, 780 p. 700 1 $aSchürer, Emil <1844-1910>.$0(OLS)http://semarc/name/2379 773 0 $aSchürer, Emil <1844-1910>$tGeschichte des Jüdischen volkes im zeitalter Jesu Christi.$dLeipzig : Hinrichs'sche Buchhandlung, 1901.$gErster band$w()29263 850 $aSeMil 852 $aSeMil$W1$xVenegono$y1$m2W III 78$j176068$B176068$CSeMilBibl$Z2$F186550 $81 996 $6245$aEinleitung und politische geschichte$9(OLS)http://semarc/title/323314